Score 0/20 Timer 10:00
0 Plays Today
% Correct
SpongeBob SquarePants
94.3%
Avatar
85.2%
The Jetsons
82.5%
Back to the Future Part II
82.2%
Futurama
81.8%
Terminator Salvation
76.2%
Planet of the Apes
73.3%
The Hunger Games
70.1%
Adventure Time
62.2%
WALL-E
56.5%
% Correct
Blade Runner
45%
Minority Report
42.1%
Samurai Jack
40.6%
Meet the Robinsons
40.5%
Interstellar
36.5%
Fallout 3
35.1%
Buck Rogers in the 25th Century
23%
Batman Beyond
17.8%
Firefly
17.4%
Star Trek into Darkness
10.3%
Remove Ads.
Support Sporcle.
Get the best of Sporcle when you Go Orange. This ad-free experience offers more features, more stats, and more fun while also helping to support Sporcle. Thank you for becoming a member.

You're not logged in!

Compare scores with friends on all Sporcle quizzes.
OR
Log In

Show Comments

Extras

Top Quizzes Today


Score Distribution

Your Account Isn't Verified!

In order to create a playlist on Sporcle, you need to verify the email address you used during registration. Go to your Sporcle Settings to finish the process.

Report this User

Report this user for behavior that violates our Community Guidelines.

Details: